header

The wisdom of Egypt (Record no. 249314)

MARC details
000 -LEADER
fixed length control field 01651nam a22003734a 4500
082 04 - DEWEY DECIMAL CLASSIFICATION NUMBER
Classification number 200/.93
245 04 - TITLE STATEMENT
Title The wisdom of Egypt
260 ## - PUBLICATION, DISTRIBUTION, ETC. (IMPRINT)
Place of publication Leiden ;
-- Boston :
Name of publisher Brill,
Year of publication 2005.
300 ## - PHYSICAL DESCRIPTION
Number of Pages xii, 556 p. :
Other physical details ill.
490 1# - SERIES STATEMENT
Series statement Ancient Judaism & early Christianity,
-- Arbeiten zur Geschichte des antiken Judentums und des Urchristentums ;
700 1# - ADDED ENTRY--PERSONAL NAME
Personal name Hilhorst, A.
Personal name Kooten, Geurt Hendrik van,
Personal name Luttikhuizen, Gerard P.
856 40 - ELECTRONIC LOCATION AND ACCESS
Uniform Resource Identifier http://site.ebrary.com/lib/rucke/Doc?id=10171726

No items available.

© 2026 Rongo University
Contact us: librarian | system librarian | Rongo university